000 01951nam a2200289 a 4500
001 BRCA_2394
005 20190320203804.0
008 111108s1616----sp-#---###---#000-0#spa-u
041 _aspa
044 _asp
084 _a035
_b.M49
_c1616
100 1 _aCervantes Saavedra, Miguel de
_d1547-1616
_9213
245 1 0 _aSegunda parte del Ingenioso Cavallero Don Quixote de la Mancha
_bdirigida a Don Pedro Fernández de Castro, Conde de Lemos, de Andrade, y de Villalua, Marques de Saria, Gentilhombre de la Cámara de su Majestad, Comendador de la Encomienda de Peñafiel y la Zarza, de la Orden de Alcantara, Virrey, Gobernador, y Capitán General del Reyno de Nápoles, y Presidente del Supremo Consejo de Italia
_cpor Miguel de Cervantes Saavedra, autor de su primera parte.
260 _aValencia
_bPedro Patricio Mey
_c1616
300 _a1 v. (en varias paginaciones)
_c16 cm.
500 _aContenido : Dedicatoria del autor al Conde de Lemos. Licencia del Dr. Martínez. Aprovación del Lic. Domingo Abbad y Huerta. Prólogo del autor. Texto
500 _aTercera edición de la segunda parte. En cuanto a la corrección del texto aventaja con mucho a la enterior, impresa en Bruselas. Se subsanaron varias falta de puntuación y se corrigieron algunas erratas y variantes. En cambio, se deslizaron nuevas. En el capítulo 36, el Santo Oficio expurgó las palabras de la Duquesa referentes a la caridad. Bonito ejemplar encuadernado en pergamino Lúdovik Osterc
500 _aEstado físico : Anotaciones manuscritas en la guarda y a lo largo del texto
500 _aCon ex-libris de : John Murray
650 1 4 _aNovela española
_yÉpoca clásica, 1500-1700
_9215
650 1 4 _aLiteratura española
_yÉpoca clásica, 1500-1700
_9216
650 1 4 _aNovela española
_ySiglo XVII
_9217
650 1 4 _aDon Quijote (Personaje ficticio)
_eNovela
_9218
740 0 _aEl Ingenioso Hidalgo Don Quijote de la Mancha
902 _aQFM
942 _2lcc
_cB
999 _c2135
_d2135